| 000 | 00467nam a2200157 i 4500 | ||
|---|---|---|---|
| 001 | 148960 | ||
| 003 | ES-MaACL | ||
| 005 | 20230906202904.0 | ||
| 007 | t| | ||
| 008 | 070214s1965 sp |||| | spa d | ||
| 245 | 0 | 0 | _aSuplemento a la Guía de centros de enseñanza media de la Iglesia 1965. |
| 260 |
_a[Madrid : _bSalesiana, _c1965] |
||
| 300 |
_a86 p. ; _c21 cm. |
||
| 650 | 4 |
_aEnseñanza católica- _zEspaña- _vDirectorios. _9160910 |
|
| 852 |
_aES-MaACL _jC-29374 |
||
| 999 |
_c148960 _d148960 |
||